| 000 | 00743nam a22002417a 4500 | ||
|---|---|---|---|
| 005 | 2010080605425.0 | ||
| 010 | _aENG-98498 | ||
| 020 |
_a9788188132201 _c700.00 |
||
| 035 | _aEN-82031 | ||
| 037 | _bDBAD/PUB | ||
| 082 | _a362.10954 | ||
| 100 |
_aKishore, K _97626 |
||
| 245 |
_aNational health programs of India : _bnational policies and legislations related to health / _cby J. Kishore |
||
| 250 | _a8th edition | ||
| 260 |
_aNew Delhi _bCentury Publications _c2010 |
||
| 270 |
_a46, Masih Garh _bNew Delhi _e110025 |
||
| 300 |
_a796p. _c27cm (pbk) |
||
| 500 | _aIncludes index | ||
| 650 | _aIndia | ||
| 650 |
_aNational health service _97627 |
||
| 650 |
_aHealth programs _97628 |
||
| 942 |
_2ddc _cEN _h362.10954 _mKIS |
||
| 999 |
_c39720 _d39720 |
||